00723cam a2200241 a 45000010009000000050017000090080041000260100017000670200022000840350023001060400018001290410008001470420014001550800019001690820023001881000007002111010008002182450063002269060045002899420012003349990017003469520118003631292421520180214071240.0020910s2002 nyua 001 0 eng  a 2002512225 a0071383409 (pbk.) a(OCoLC)ocm50211792 aJSYcJSYdDLC aeng alccopycat a512..076 MIC00a512..076 MIC222 a36 amat00aPrecalculus :cabridgement editor Kimberly S. Kirkpatrick. a7bcbcccopycatd3encipf20gy-gencatlg 2ddccBK c42497d42497 00102ddc40708PËKGa002b002cPËKGd2018-02-14l0o512..076 MICp002-2997280r2018-02-14w2018-02-14yBK